000 00363pab a2200157 454500
008 180718b2000 xxu||||| |||| 00| 0 eng d
100 _aTuli, M.L.
245 _aNationalism and national security
260 _c2000
300 _ap.488-93
362 _aJul-Sep
650 _aState security
650 _aNationalism
773 _aUSI Journal
909 _a46583
999 _c46583
_d46583